Daty w historii Polski z marginesem błędu #1 - Statystyki

Ogólne statystyki
  • Ten quiz został rozwiązany 262 razy
  • Średni wynik to 8 z 16
Statystyki odpowiedzi
Wskazówka Margines
błędu
Odpowiedź % Poprawnych
"Pan Tadeusz" Adama Mickiewicza zostaje wydany 10 1834
76%
Mieszko I odnosi zwycięstwo w bitwie pod Cedynią 12 972
72%
uchwalona zostaje Konstytucja 3 Maja 2 1791
69%
Akademia Krakowska zostaje założona 15 1364
64%
reprezentacja Polski w piłce nożnej mężczyzn po raz pierwszy zdobywa brązowy medal na mundialu 5 1974
56%
Władysław III Warneńczyk umiera w bitwie pod Warną 10 1444
44%
Kongresowe Królestwo Polskie zostaje zlikwidowane 8 1832
44%
Władysław Gomułka zostaje I sekretarzem KC PZPR 5 1956
44%
Bolesław II Szczodry zostaje koronowany na króla Polski 18 1076
41%
rozpoczęło się powstanie Chmielnickiego 12 1648
41%
Kazimierz I Odnowiciel wykorzystuje przygotowania cesarza Konrada II* do wojny z Brzetysławem i przy jego wsparciu wojskowym wraca do Polski 20 1039
38%
Zygmunt I Stary bierze ślub z Boną Sforzą 20 1518
38%
odbywa się bitwa pod Koźminem, po której powstaje powiedzenie "Za króla Olbrachta wyginęła szlachta" 20 1497
35%
Włodzimierz Cimoszewicz zostaje prezesem Rady Ministrów 4 1996
35%
wojska mongolskie zwyciężają nad polskimi w bitwie pod Legnicą 30 1241
32%
osmańska interwencja w Mołdawii zostaje odparta w bitwie pod Cecorą 40 1595
31%
Nie znaleziono quizów pasujących do podanych kryteriów
Rozkład punktacji
Procent ludzi z każdym wynikiem
Percentyl według liczby udzielonych odpowiedzi
Twoja historia wyników
Nie rozwiązałeś tego quizu